| 000 | 00648nam a2200193Ia 4500 | ||
|---|---|---|---|
| 003 | GCL | ||
| 008 | 140319s9999 xx 000 0 ara d | ||
| 020 | _a3513401977 | ||
| 040 |
_aGCL / _cGCL |
||
| 082 | 0 | 4 |
_aق _b953.082 _bهـ س |
| 245 | 1 | 0 | _aسيرم الظاهر بيبرس مج 5 ( من ج41 الى ج50 ) |
| 250 | _aالثانية | ||
| 260 |
_aالقاهرة : _bالهيئة المصرية العامة للكتاب ، _c1997 |
||
| 300 |
_aمتعدد ؛ _c24 سم |
||
| 490 |
_aادب الحرب _v0 |
||
| 650 | 0 | 4 | _aالظاهر بيبرس |
| 650 | 0 | 4 | _aمصر - تاريخ - عصر المماليك ( 1250-1517 م ) |
| 942 |
_2ddc _cBK |
||
| 999 |
_c58226 _d58226 |
||